中国所有“城市”,但是回答一个字就算对(城市点位地图版) - Statistics

General Stats
  • This quiz has been taken 158 times
  • The average score is 523 of 717
Answers on the Map
Answers color-coded by a green-red scale on the quiz's map according to % correct below.
 
Answer Stats
省级行政区 城市 % Correct
河北省 深州市
100%
江苏省 常州市
100%
福建省 福州市
100%
江西省 赣州市
100%
广东省 广州市
100%
广东省 阳江市
100%
直辖市 北京市
99%
江苏省 徐州市
99%
江苏省 扬州市
99%
江苏省 泰州市
99%
浙江省 台州市
99%
浙江省 东阳市
99%
福建省 泉州市
99%
山东省 德州市
99%
山东省 青州市
99%
河南省 南阳市
99%
广东省 惠州市
99%
广东省 梅州市
99%
广西壮族自治区 柳州市
99%
广西壮族自治区 梧州市
99%
广西壮族自治区 钦州市
99%
四川省 崇州市
99%
甘肃省 兰州市
99%
台湾省 新北市
99%
河北省 沧州市
98%
河北省 晋州市
98%
河北省 滦州市
98%
河北省 涿州市
98%
河北省 定州市
98%
河北省 霸州市
98%
山西省 朔州市
98%
山西省 忻州市
98%
山西省 霍州市
98%
辽宁省 锦州市
98%
辽宁省 北镇市
98%
辽宁省 盖州市
98%
辽宁省 北票市
98%
黑龙江省 北安市
98%
江苏省 南京市
98%
江苏省 苏州市
98%
江苏省 南通市
98%
江苏省 邳州市
98%
浙江省 杭州市
98%
浙江省 温州市
98%
浙江省 湖州市
98%
浙江省 衢州市
98%
浙江省 嵊州市
98%
安徽省 淮北市
98%
安徽省 滁州市
98%
安徽省 宿州市
98%
安徽省 亳州市
98%
安徽省 池州市
98%
福建省 漳州市
98%
福建省 南平市
98%
江西省 南昌市
98%
江西省 抚州市
98%
山东省 济南市
98%
山东省 滨州市
98%
山东省 胶州市
98%
山东省 滕州市
98%
山东省 莱州市
98%
山东省 海阳市
98%
河南省 郑州市
98%
河南省 汝州市
98%
河南省 林州市
98%
河南省 孟州市
98%
河南省 禹州市
98%
河南省 邓州市
98%
湖北省 鄂州市
98%
湖北省 荆州市
98%
湖北省 随州市
98%
湖南省 郴州市
98%
湖南省 永州市
98%
广东省 潮州市
98%
广东省 雷州市
98%
广东省 高州市
98%
广东省 化州市
98%
广东省 连州市
98%
广西壮族自治区 北海市
98%
广西壮族自治区 贺州市
98%
广西壮族自治区 横州市
98%
广西壮族自治区 北流市
98%
海南省 儋州市
98%
四川省 泸州市
98%
四川省 德阳市
98%
四川省 达州市
98%
四川省 彭州市
98%
贵州省 盘州市
98%
西藏自治区 山南市
98%
陕西省 彬州市
98%
新疆维吾尔自治区 北屯市
98%
台湾省 台北市
98%
台湾省 竹北市
98%
河北省 南宫市
97%
山西省 阳泉市
97%
辽宁省 辽阳市
97%
吉林省 洮南市
97%
浙江省 江山市
97%
安徽省 淮南市
97%
福建省 南安市
97%
江西省 龙南市
97%
河南省 安阳市
97%
广东省 中山市
97%
广东省 揭阳市
97%
广东省 南雄市
97%
广西壮族自治区 南宁市
97%
四川省 南充市
97%
贵州省 贵阳市
97%
陕西省 渭南市
97%
甘肃省 庆阳市
97%
甘肃省 陇南市
97%
青海省 海东市
97%
台湾省 台南市
97%
台湾省 南投市
97%
河北省 唐山市
96%
山西省 汾阳市
96%
内蒙古自治区 阿尔山市
96%
辽宁省 沈阳市
96%
辽宁省 丹东市
96%
辽宁省 朝阳市
96%
辽宁省 东港市
96%
黑龙江省 东宁市
96%
黑龙江省 肇东市
96%
江苏省 溧阳市
96%
江苏省 启东市
96%
江苏省 东台市
96%
江苏省 丹阳市
96%
安徽省 阜阳市
96%
山东省 东营市
96%
山东省 莱阳市
96%
河南省 洛阳市
96%
河南省 濮阳市
96%
河南省 信阳市
96%
河南省 荥阳市
96%
河南省 沁阳市
96%
湖北省 襄阳市
96%
湖北省 当阳市
96%
湖北省 枣阳市
96%
湖南省 衡阳市
96%
湖南省 邵阳市
96%
湖南省 岳阳市
96%
湖南省 益阳市
96%
湖南省 浏阳市
96%
湖南省 耒阳市
96%
湖南省 邵东市
96%
湖南省 祁阳市
96%
广东省 东莞市
96%
广东省 阳春市
96%
广西壮族自治区 东兴市
96%
海南省 东方市
96%
四川省 绵阳市
96%
四川省 资阳市
96%
四川省 简阳市
96%
四川省 西昌市
96%
贵州省 黔西市
96%
陕西省 西安市
96%
陕西省 咸阳市
96%
陕西省 旬阳市
96%
新疆维吾尔自治区 阿拉山口市
96%
台湾省 屏东市
96%
台湾省 台东市
96%
内蒙古自治区 乌海市
95%
辽宁省 海城市
95%
黑龙江省 鸡西市
95%
直辖市 上海市
95%
江苏省 昆山市
95%
浙江省 海宁市
95%
安徽省 黄山市
95%
福建省 武夷山市
95%
山东省 莱西市
95%
湖北省 京山市
95%
广东省 佛山市
95%
广东省 台山市
95%
广西壮族自治区 靖西市
95%
云南省 保山市
95%
甘肃省 定西市
95%
青海省 西宁市
95%
宁夏回族自治区 石嘴山市
95%
辽宁省 鞍山市
94%
辽宁省 调兵山市
94%
吉林省 白山市
94%
黑龙江省 双鸭山市
94%
黑龙江省 七台河市
94%
黑龙江省 密山市
94%
浙江省 舟山市
94%
安徽省 马鞍山市
94%
安徽省 潜山市
94%
江西省 庐山市
94%
江西省 井冈山市
94%
山东省 威海市
94%
山东省 乳山市
94%
河南省 平顶山市
94%
湖南省 韶山市
94%
广东省 珠海市
94%
广东省 鹤山市
94%
广西壮族自治区 合山市
94%
海南省 海口市
94%
海南省 五指山市
94%
四川省 乐山市
94%
四川省 眉山市
94%
四川省 峨眉山市
94%
云南省 文山市
94%
河北省 沙河市
93%
辽宁省 凌海市
93%
黑龙江省 大庆市
93%
黑龙江省 海林市
93%
黑龙江省 海伦市
93%
江苏省 海安市
93%
浙江省 临海市
93%
安徽省 安庆市
93%
安徽省 天长市
93%
湖北省 老河口市
93%
湖南省 冷水江市
93%
海南省 琼海市
93%
甘肃省 天水市
93%
台湾省 台中市
93%
直辖市 天津市
92%
河北省 三河市
92%
吉林省 梅河口市
92%
吉林省 大安市
92%
黑龙江省 五大连池市
92%
江西省 九江市
92%
湖北省 天门市
92%
江苏省 江阴市
91%
广东省 江门市
91%
四川省 都江堰市
91%
新疆维吾尔自治区 阿拉尔市
91%
河北省 武安市
90%
辽宁省 庄河市
90%
辽宁省 大石桥市
90%
黑龙江省 黑河市
90%
黑龙江省 宁安市
90%
安徽省 六安市
90%
福建省 宁德市
90%
福建省 福安市
90%
江西省 高安市
90%
湖北省 丹江口市
90%
四川省 广安市
90%
云南省 安宁市
90%
陕西省 汉中市
90%
新疆维吾尔自治区 石河子市
90%
新疆维吾尔自治区 双河市
90%
内蒙古自治区 锡林浩特市
89%
辽宁省 大连市
89%
吉林省 临江市
89%
黑龙江省 同江市
89%
黑龙江省 漠河市
89%
江苏省 镇江市
89%
江苏省 扬中市
89%
浙江省 平湖市
89%
河南省 三门峡市
89%
广西壮族自治区 防城港市
89%
四川省 巴中市
89%
河北省 河间市
88%
山西省 大同市
88%
山西省 晋中市
88%
山西省 河津市
88%
内蒙古自治区 根河市
88%
吉林省 蛟河市
88%
黑龙江省 牡丹江市
88%
黑龙江省 讷河市
88%
黑龙江省 绥芬河市
88%
江苏省 靖江市
88%
浙江省 瑞安市
88%
河南省 漯河市
88%
湖北省 大冶市
88%
湖北省 宜城市
88%
湖南省 洪江市
88%
广东省 河源市
88%
广西壮族自治区 河池市
88%
四川省 内江市
88%
四川省 阆中市
88%
贵州省 六盘水市
88%
贵州省 安顺市
88%
云南省 丽江市
88%
云南省 大理市
88%
宁夏回族自治区 中卫市
88%
新疆维吾尔自治区 乌鲁木齐市
88%
新疆维吾尔自治区 胡杨河市
88%
河北省 安国市
87%
吉林省 白城市
87%
吉林省 集安市
87%
黑龙江省 哈尔滨市
87%
黑龙江省 嫩江市
87%
江苏省 淮安市
87%
福建省 晋江市
87%
江西省 吉安市
87%
山东省 泰安市
87%
山东省 安丘市
87%
湖北省 枝江市
87%
湖北省 潜江市
87%
湖南省 沅江市
87%
广东省 湛江市
87%
广东省 廉江市
87%
四川省 江油市
87%
云南省 澄江市
87%
云南省 香格里拉市
87%
陕西省 安康市
87%
河北省 迁安市
86%
辽宁省 兴城市
86%
吉林省 吉林市
86%
吉林省 四平市
86%
黑龙江省 齐齐哈尔市
86%
黑龙江省 安达市
86%
福建省 永安市
86%
江西省 共青城市
86%
湖北省 武汉市
86%
湖北省 安陆市
86%
湖北省 广水市
86%
广西壮族自治区 玉林市
86%
海南省 万宁市
86%
四川省 雅安市
86%
陕西省 延安市
86%
甘肃省 金昌市
86%
新疆维吾尔自治区 伊宁市
86%
新疆维吾尔自治区 铁门关市
86%
山西省 高平市
85%
内蒙古自治区 呼和浩特市
85%
福建省 三明市
85%
山东省 青岛市
85%
湖南省 常宁市
85%
广西壮族自治区 桂林市
85%
海南省 三沙市
85%
甘肃省 玉门市
85%
青海省 德令哈市
85%
山西省 晋城市
84%
内蒙古自治区 霍林郭勒市
84%
黑龙江省 虎林市
84%
山东省 济宁市
84%
湖南省 宁乡市
84%
广东省 兴宁市
84%
直辖市 重庆市
84%
四川省 马尔康市
84%
西藏自治区 林芝市
84%
西藏自治区 米林市
84%
陕西省 榆林市
84%
台湾省 员林市
84%
辽宁省 凤城市
83%
江苏省 连云港市
83%
江苏省 盐城市
83%
浙江省 义乌市
83%
安徽省 宁国市
83%
江西省 丰城市
83%
河南省 永城市
83%
广东省 普宁市
83%
河北省 石家庄市
82%
山东省 烟台市
82%
山东省 诸城市
82%
山东省 肥城市
82%
湖北省 应城市
82%
陕西省 韩城市
82%
青海省 格尔木市
82%
新疆维吾尔自治区 昌吉市
82%
新疆维吾尔自治区 塔城市
82%
山西省 运城市
81%
山西省 原平市
81%
安徽省 宣城市
81%
安徽省 桐城市
81%
山东省 聊城市
81%
山东省 邹城市
81%
山东省 禹城市
81%
河南省 项城市
81%
湖北省 咸宁市
81%
湖北省 麻城市
81%
西藏自治区 昌都市
81%
新疆维吾尔自治区 阿克苏市
81%
新疆维吾尔自治区 可克达拉市
81%
河北省 邢台市
80%
河北省 张家口市
80%
内蒙古自治区 乌兰浩特市
80%
吉林省 长春市
80%
江苏省 张家港市
80%
浙江省 宁波市
80%
浙江省 丽水市
80%
江西省 德兴市
80%
湖南省 长沙市
80%
四川省 遂宁市
80%
贵州省 赤水市
80%
陕西省 兴平市
80%
新疆维吾尔自治区 克拉玛依市
80%
河北省 平泉市
79%
湖北省 宜昌市
79%
新疆维吾尔自治区 图木舒克市
79%
安徽省 广德市
78%
江西省 景德镇市
78%
湖北省 洪湖市
78%
湖南省 常德市
78%
广东省 肇庆市
78%
广东省 开平市
78%
海南省 三亚市
78%
云南省 水富市
78%
河北省 衡水市
77%
安徽省 芜湖市
77%
山东省 龙口市
77%
海南省 文昌市
77%
四川省 成都市
77%
云南省 泸水市
77%
西藏自治区 拉萨市
77%
新疆维吾尔自治区 阿勒泰市
77%
福建省 厦门市
76%
四川省 广汉市
76%
陕西省 子长市
76%
河北省 秦皇岛市
75%
内蒙古自治区 呼伦贝尔市
75%
内蒙古自治区 乌兰察布市
75%
安徽省 巢湖市
75%
山东省 新泰市
75%
河南省 义马市
75%
湖北省 荆门市
75%
广东省 恩平市
75%
陕西省 铜川市
75%
新疆维吾尔自治区 和田市
75%
台湾省 宜兰市
75%
山西省 太原市
74%
内蒙古自治区 鄂尔多斯市
74%
浙江省 金华市
74%
江西省 乐平市
74%
江西省 瑞昌市
74%
河南省 长葛市
74%
湖北省 宜都市
74%
湖北省 汉川市
74%
西藏自治区 日喀则市
74%
宁夏回族自治区 银川市
74%
宁夏回族自治区 青铜峡市
74%
新疆维吾尔自治区 阿图什市
74%
山西省 长治市
73%
吉林省 和龙市
73%
浙江省 建德市
73%
江西省 新余市
73%
河南省 长垣市
73%
广东省 乐昌市
73%
贵州省 兴义市
73%
河北省 承德市
72%
河北省 新乐市
72%
内蒙古自治区 巴彦淖尔市
72%
河南省 新乡市
72%
湖北省 黄石市
72%
辽宁省 阜新市
71%
辽宁省 葫芦岛市
71%
江西省 宜春市
71%
山东省 昌邑市
71%
广东省 吴川市
71%
广东省 英德市
71%
广西壮族自治区 桂平市
71%
广西壮族自治区 平果市
71%
甘肃省 平凉市
71%
新疆维吾尔自治区 五家渠市
71%
河北省 高碑店市
70%
内蒙古自治区 二连浩特市
70%
吉林省 通化市
70%
吉林省 德惠市
70%
江苏省 宜兴市
70%
江苏省 新沂市
70%
浙江省 龙港市
70%
福建省 漳平市
70%
山东省 平度市
70%
山东省 邹平市
70%
河南省 许昌市
70%
四川省 隆昌市
70%
陕西省 华阴市
70%
陕西省 神木市
70%
甘肃省 白银市
70%
新疆维吾尔自治区 霍尔果斯市
70%
新疆维吾尔自治区 新星市
70%
辽宁省 新民市
69%
辽宁省 开原市
69%
河南省 新密市
69%
河南省 新郑市
69%
宁夏回族自治区 灵武市
69%
台湾省 新竹市
69%
内蒙古自治区 包头市
68%
内蒙古自治区 牙克石市
68%
内蒙古自治区 额尔古纳市
68%
黑龙江省 五常市
68%
江苏省 兴化市
68%
江苏省 泰兴市
68%
山东省 临清市
68%
广东省 汕头市
68%
甘肃省 武威市
68%
黑龙江省 佳木斯市
67%
安徽省 明光市
67%
湖南省 张家界市
67%
云南省 玉溪市
67%
甘肃省 嘉峪关市
67%
吉林省 延吉市
66%
浙江省 龙泉市
66%
江西省 上饶市
66%
江西省 瑞金市
66%
山东省 日照市
66%
贵州省 遵义市
66%
云南省 昆明市
66%
甘肃省 临夏市
66%
台湾省 嘉义市
66%
山西省 孝义市
65%
内蒙古自治区 满洲里市
65%
福建省 邵武市
65%
湖北省 武穴市
65%
湖北省 利川市
65%
广西壮族自治区 贵港市
65%
贵州省 兴仁市
65%
台湾省 高雄市
65%
山东省 高密市
64%
河南省 周口市
64%
湖北省 十堰市
64%
湖南省 武冈市
64%
四川省 广元市
64%
新疆维吾尔自治区 哈密市
64%
新疆维吾尔自治区 库尔勒市
64%
新疆维吾尔自治区 乌苏市
64%
台湾省 太保市
64%
河北省 保定市
63%
吉林省 松原市
63%
浙江省 兰溪市
63%
福建省 福清市
63%
湖南省 吉首市
63%
广东省 韶关市
63%
广东省 深圳市
63%
广东省 清远市
63%
广东省 四会市
63%
四川省 康定市
63%
贵州省 清镇市
63%
云南省 开远市
63%
江苏省 高邮市
62%
浙江省 嘉兴市
62%
河南省 驻马店市
62%
河南省 巩义市
62%
湖南省 临湘市
62%
辽宁省 营口市
61%
黑龙江省 伊春市
61%
宁夏回族自治区 固原市
61%
新疆维吾尔自治区 白杨市
61%
吉林省 敦化市
60%
山东省 荣成市
60%
青海省 玉树市
59%
新疆维吾尔自治区 昆玉市
59%
黑龙江省 抚远市
57%
浙江省 绍兴市
57%
浙江省 玉环市
57%
湖南省 资兴市
57%
贵州省 都匀市
57%
台湾省 斗六市
57%
江苏省 太仓市
56%
浙江省 乐清市
56%
湖南省 津市市
56%
四川省 宜宾市
56%
四川省 万源市
56%
贵州省 福泉市
56%
内蒙古自治区 通辽市
55%
广东省 信宜市
55%
云南省 临沧市
55%
台湾省 头份市
55%
河北省 遵化市
54%
河北省 泊头市
54%
山西省 临汾市
54%
吉林省 龙井市
54%
安徽省 铜陵市
54%
福建省 龙岩市
54%
湖北省 黄冈市
54%
湖南省 怀化市
54%
广东省 罗定市
54%
贵州省 铜仁市
54%
福建省 莆田市
53%
山东省 临沂市
53%
台湾省 彰化市
53%
河北省 黄骅市
52%
黑龙江省 绥化市
52%
湖北省 石首市
52%
湖南省 湘乡市
52%
云南省 昭通市
52%
陕西省 宝鸡市
52%
甘肃省 酒泉市
52%
内蒙古自治区 丰镇市
51%
辽宁省 铁岭市
51%
吉林省 磐石市
51%
福建省 石狮市
51%
甘肃省 张掖市
51%
台湾省 马公市
51%
山西省 侯马市
50%
四川省 攀枝花市
50%
西藏自治区 那曲市
50%
甘肃省 合作市
50%
吉林省 珲春市
49%
江苏省 无锡市
49%
江西省 贵溪市
49%
山东省 招远市
49%
广东省 云浮市
49%
台湾省 花莲市
49%
新疆维吾尔自治区 博乐市
48%
内蒙古自治区 扎兰屯市
47%
辽宁省 抚顺市
47%
吉林省 辽源市
47%
安徽省 合肥市
47%
河南省 灵宝市
47%
吉林省 舒兰市
46%
河南省 济源市
46%
广西壮族自治区 百色市
46%
内蒙古自治区 赤峰市
45%
甘肃省 华亭市
45%
浙江省 桐乡市
44%
江西省 萍乡市
44%
山东省 枣庄市
44%
广东省 汕尾市
44%
四川省 华蓥市
44%
贵州省 凯里市
44%
河北省 邯郸市
43%
浙江省 永康市
43%
山东省 曲阜市
43%
湖南省 株洲市
43%
新疆维吾尔自治区 阜康市
43%
台湾省 基隆市
43%
辽宁省 本溪市
42%
河北省 廊坊市
41%
山东省 乐陵市
41%
湖南省 湘潭市
41%
吉林省 双辽市
40%
黑龙江省 鹤岗市
40%
安徽省 无为市
40%
河南省 开封市
40%
河南省 商丘市
40%
辽宁省 凌源市
39%
浙江省 慈溪市
39%
山东省 菏泽市
39%
湖北省 仙桃市
39%
黑龙江省 富锦市
38%
浙江省 温岭市
38%
青海省 同仁市
38%
山东省 淄博市
37%
新疆维吾尔自治区 喀什市
37%
台湾省 桃园市
37%
山西省 怀仁市
36%
福建省 福鼎市
36%
湖南省 涟源市
36%
广西壮族自治区 岑溪市
36%
贵州省 仁怀市
36%
云南省 曲靖市
36%
云南省 景洪市
36%
云南省 瑞丽市
36%
陕西省 商洛市
36%
新疆维吾尔自治区 沙湾市
36%
辽宁省 瓦房店市
35%
黑龙江省 铁力市
35%
江苏省 常熟市
35%
江西省 鹰潭市
35%
山东省 潍坊市
35%
湖北省 恩施市
35%
广西壮族自治区 崇左市
34%
西藏自治区 错那市
34%
河南省 鹤壁市
33%
吉林省 公主岭市
32%
甘肃省 敦煌市
31%
山西省 永济市
30%
辽宁省 盘锦市
30%
吉林省 扶余市
30%
广东省 陆丰市
30%
云南省 蒙自市
30%
浙江省 余姚市
29%
宁夏回族自治区 吴忠市
29%
新疆维吾尔自治区 吐鲁番市
29%
四川省 自贡市
28%
云南省 禄丰市
27%
河北省 任丘市
26%
江苏省 宿迁市
26%
湖北省 赤壁市
26%
广东省 茂名市
25%
广西壮族自治区 来宾市
25%
云南省 楚雄市
25%
湖南省 醴陵市
24%
青海省 茫崖市
24%
吉林省 榆树市
23%
山东省 寿光市
23%
四川省 会理市
23%
云南省 普洱市
23%
山西省 吕梁市
22%
贵州省 毕节市
22%
云南省 宣威市
22%
河南省 焦作市
21%
湖北省 孝感市
21%
云南省 个旧市
21%
江西省 樟树市
20%
河南省 辉县市
20%
四川省 射洪市
20%
湖北省 松滋市
19%
湖南省 娄底市
19%
山西省 古交市
18%
江苏省 句容市
18%
安徽省 蚌埠市
18%
台湾省 朴子市
18%
辽宁省 灯塔市
17%
湖北省 监利市
17%
新疆维吾尔自治区 库车市
17%
吉林省 图们市
16%
河南省 登封市
16%
云南省 芒市
16%
福建省 建瓯市
15%
湖南省 汨罗市
15%
四川省 什邡市
15%
江苏省 如皋市
14%
浙江省 诸暨市
14%
四川省 绵竹市
13%
河北省 辛集市
12%
安徽省 界首市
12%
河南省 卫辉市
12%
云南省 弥勒市
12%
台湾省 苗栗市
12%
湖北省 钟祥市
11%
广西壮族自治区 荔浦市
11%
山东省 栖霞市
9%
广西壮族自治区 凭祥市
9%
云南省 腾冲市
9%
新疆维吾尔自治区 奎屯市
9%
黑龙江省 尚志市
7%
江苏省 仪征市
7%
河南省 舞钢市
7%
吉林省 桦甸市
4%
山西省 介休市
3%
黑龙江省 穆棱市
3%
四川省 邛崃市
1%
No matching quizzes found
Score Distribution
Percent of People with Each Score
Percentile by Number Answered
Your Score History
You have not taken this quiz